Squares with <10 Million people - World Map Sudden Death - Statistics

General Stats
  • This quiz has been taken 413 times
  • The average score is 12 of 20
Answers on the Grid
Answers color-coded by a green-red scale on the quiz's grid according to % correct below.
 
Answer Stats
Answer % Correct
77%
76%
74%
73%
72%
72%
70%
69%
69%
64%
61%
60%
60%
54%
53%
53%
51%
44%
43%
38%
No matching quizzes found
Score Distribution
Percent of People with Each Score
Percentile by Number Answered
Your Score History
You have not taken this quiz